000 00573cam a2200217 4500
008 090401t1973 xxu||||| |||| 00| 0 eng d
020 _a0900361441
035 _a(Sirsi) u11726
041 _aeng
050 _a346.410434
100 _aWalton
_eSir, Raymond
245 _aAdkin's landlord and tenant
250 _a17th
260 _aLondon
_bEstates Gazette
_c1973
300 _axxxiii, 454p. forms. 23cm. index
350 _a4
520 _a17th ed. by Sir Raymond Walton and Michael Essayan
700 1 _aEssayan, Michael
942 _n0
948 _c04/03/1997
999 _c86901
_d86901